| 000 | 00703nam0a22002291 4500 | ||
|---|---|---|---|
| 001 | rc\856701 | ||
| 005 | 20041129092840.2 | ||
| 035 | _a(NLR Aleph) 006036734 | ||
| 090 |
_a7585216 _c7585216 |
||
| 100 | _a20041129d1984 u |0rusy50 ca | ||
| 101 | 0 | _arus | |
| 102 | _aRU | ||
| 105 | _aa ||||||||| | ||
| 200 | 1 |
_aДействующие лица _f[Предисл. И. Родниной] |
|
| 210 |
_aМ. _cВсесоюз. бюро пропаганды киноискусства _d1984 |
||
| 215 |
_a64 с. _cил. _d21 |
||
| 700 | 1 |
_aПолонский _bД. С. _gДмитрий Саввич |
|
| 801 | 0 |
_aRU _bNLR _gpsbo |
|
| 801 | 1 |
_aRU _bELAR _2rusmarc |
|
| 852 |
_aNLR _j84-6/3611 |
||
| 942 | _cBOOK | ||
| 980 | _aNB | ||